01644nam a2200457 i 450000100060000000300080000600500170001400600190003100700150005000800410006502000180010602000270012403500230015103500240017403500250019803500210022304000310024405000200027508000080029508200140030310000190031724500520033626400400038830000410042833600310046933700330050033800430053349000440057650000230062058801240064359001590076765000270092665000280095365000170098165000180099865500270101679700190104383000450106285600620110799900170116955478FlNmELB20241216232749.0m o d | cr cnu||||||||160609s2015 sp o 001 0 spa d z9788490649527 a9788490649572 (e-book) a(MiAaPQ)EBC4508100 a(Au-PeEL)EBL4508100 a(CaPaEBR)ebr11205569 a(OCoLC)984804425 aFINmELBbspaerdacFINmELB 4aHD75bS958 2015 a3380 a338.92231 aSunyer, Roger.10aHacia una economía ciudadana /cRoger Sunyer. 1aBarcelona :bEditorial UOC,c[2015] a1 recurso en línea (239 páginas) atextobtxt2rdacontent/spa acomputadorabc2rdamedia/spa arecurso en líneabcr2rdacarrier/spa1 aColección Gestión de la ciudad ;v7 aContiene índice. aDescripción basada en recurso en línea; Título de la página del título en PDF (e-libro, visto June 09, 2016). aRecurso electronico. Santa Fe, Arg. : e-libro, 2016. Disponible via World Wide Web. El acceso puede ser limitado para las bibliotecas afiliadas a e-libro. 0aDevelopment economics. 4aDesarrollo económico. 0aCitizenship. 4aCiudadanía. 4aLibros electrónicos.2 ae-libro, Corp. 0aColección Gestión de la ciudad ;v7.40uhttps://elibro.net/ereader/politecnicointernacional/57905 c55478d55478